000 00708nam a22002297a 4500
001 000512
003 DO-SdBNP
005 20171129133702.0
007 000512
008 160919b 2001 sp a ||||| |||| 00| 0 spa d
020 _a8477640270
040 _aBPMSU
_bspa
_cBPMSU
092 _axxxxx
_bxxxxx
245 1 0 _aCajita de sorpresas :
_borientaciones para padres y maestros sobre el desarrollo psicofísico infantil.
260 _aBarcelona :
_bOcéano,
_c2001.
300 _av
_bil. ;
_c24 cm.
500 _aLa biblioteca posee el v. 4
505 0 _gv. 4
_tEl niño y su mundo.
942 _2ddc
_cBK
945 _aInventariado extranjero / 2017 BT
956 _2LOPEREZ
_310
_620160919
_8BPMSU
_a00041
999 _c11447
_d11447